Handbook of civil engineering calculations
Tallennettuna:
| Päätekijä: | |
|---|---|
| Aineistotyyppi: | Kirja |
| Kieli: | englanti |
| Julkaistu: |
Nueva York
McGraw-Hill
2007
|
| Painos: | 2a. ed |
| Sarja: | McGraw-Hill Handbooks
|
| Aiheet: | |
| Tagit: |
Lisää tagi
Ei tageja, Lisää ensimmäinen tagi!
|
MARC
| LEADER | 00000nam a2200000 a 4500 | ||
|---|---|---|---|
| 001 | UCI9279 | ||
| 003 | CL-VaPUC | ||
| 008 | 081106e20070000US |||||||||||||||||eng|d | ||
| 020 | |a 97800071472937 | ||
| 082 | 0 | 4 | |a 624.0151 |b HIC |2 21 |
| 100 | |a Hicks, Tyler Gregory |e author |9 532906 | ||
| 245 | 1 | 0 | |a Handbook of civil engineering calculations |
| 250 | |a 2a. ed | ||
| 300 | |a pág. irreg | ||
| 942 | |c BK | ||
| 945 | |d 20081106 00:00:00 |a rbrito | ||
| 260 | |a Nueva York |b McGraw-Hill |c 2007 | ||
| 650 | 7 | |a INGENIERIA CIVIL MANUALES |2 CL-VaPUC |9 532907 | |
| 650 | 7 | |a CALCULOS MATEMATICOS |2 CL-VaPUC |9 532908 | |
| 650 | 0 | |a Estructuras metálicas |9 265870 | |
| 650 | 0 | |a Elementos estructurales |9 350100 | |
| 583 | |a last modification |c 20081106 00:00:00 |k Rodrigo Vera | ||
| 490 | 0 | |a McGraw-Hill Handbooks | |
| 999 | |c 331845 |d 331843 | ||
| 952 | |0 0 |1 0 |4 0 |6 624_015100000000000_HIC_2007 |7 0 |8 A |9 419008 |a BIBING |b BIBING |d 2019-11-22 |i 4495411 |o 624.0151 HIC 2007 |p 4495411 |r 2025-01-20 |w 2019-11-22 |y BK |k EIB | ||